000 01037nam a2200217 a 4500
003 0
005 20250623085539.0
008 021022s19uu xx 00 eng d
050 _aPGS LB 1139.35.C74
_b.Ar752 1998
100 _aShannon, Regina Arnold.
245 _aA comparative study of the differences in culture between grade 5 students of Flory Elementary School and the grade 5 students of Southville International School, school year 1997-1998 /
_cRegina Arnold Shannon.
260 _aLas PiƱas City, Philippines :
_bSouthville International School and Colleges,
_c1998.
300 _a41 pages :
_billustrations ;
_c28 cm.
504 _aIncludes bibliographical references.
650 _aChildren
_vCross-cultural studies.
650 _aCultural differences
_zUnited States and Philippines.
650 _aElementary school students
_zUnited States
_vAttitudes.
650 _aElementary school students
_zPhilippines
_vAttitudes.
650 _aComparative education
_zUnited States and Philippines.
942 _2lcc
_cPASS
999 _c96117
_d96117